| 000 | 01297nam a22003134a 4500 | ||
|---|---|---|---|
| 001 | ebr10019986 | ||
| 003 | CaPaEBR | ||
| 006 | m u | ||
| 007 | cr cn||||||||| | ||
| 008 | 020220s2002 moua sb s001 0 eng | ||
| 010 | _z 2002024567 | ||
| 020 | _z0826213952 (alk. paper) | ||
| 040 |
_aCaPaEBR _cCaPaEBR |
||
| 035 | _a(OCoLC)55638422 | ||
| 050 | 1 | 4 |
_aHD5325.T42 1934 _b.S25 2002eb |
| 082 | 0 | 4 |
_a331.892/877/097329043 _221 |
| 100 | 1 | _aSalmond, John A. | |
| 245 | 1 | 4 |
_aThe general textile strike of 1934 _h[electronic resource] : _bfrom Maine to Alabama / _cJohn A. Salmond. |
| 260 |
_aColumbia, Mo. : _bUniversity of Missouri Press, _cc2002. |
||
| 300 |
_axii, 295 p. : _bill. |
||
| 504 | _aIncludes bibliographical references (p. 271-281) and index. | ||
| 533 |
_aElectronic reproduction. _bPalo Alto, Calif. : _cebrary, _d2013. _nAvailable via World Wide Web. _nAccess may be limited to ebrary affiliated libraries. |
||
| 650 | 0 | _aTextile Workers' Strike, Southern States, 1934. | |
| 650 | 0 |
_aTextile workers _zUnited States. |
|
| 650 | 0 |
_aTextile industry _zUnited States. |
|
| 655 | 7 |
_aElectronic books. _2local |
|
| 710 | 2 | _aebrary, Inc. | |
| 856 | 4 | 0 |
_uhttp://site.ebrary.com/lib/rucke/Doc?id=10019986 _zAn electronic book accessible through the World Wide Web; click to view |
| 999 |
_c9286 _d9286 |
||